000 00714cam a22002051 4500
001 e 11000042
003 DLC
005 20260227111155.0
008 860129s1910 ctuc b 000 0 eng c
010 _ae 11000042
035 _a(OCoLC)13078691
040 _aU.S. Office of Education. Library
_cCtNbC
_dDLC
042 _apremarc
050 0 0 _aLD7501.N382
_bA55
110 2 _aHopkins Grammar School.
245 1 0 _a1660-1910.
_bCommemorative exercises upon the two hundred and fiftieth anniversary of the Hopkins Grammar School of New Haven.
260 _aNew Haven,
_bThe Tuttle, Morehouse & Taylor Company,
_c1910.
300 _a1 p. l., 66 p.
_bfront., plates.
_c24 cm.
504 _aBibliographical footnotes.
999 _c19121
_d19121